Unique Country Beginnings by Continent Quiz Stats

 Plays Quiz Updated Nov 26, 2016

Support Sporcle.
Go Orange.
Score 0/32 Timer 04:00
1 Play Today
Continent Country % Correct
EuropeDenmark
95.9%
South AmericaUruguay
92.9%
South AmericaArgentina
92.6%
South AmericaVenezuela
92%
AsiaQatar
90.1%
South AmericaEcuador
89.8%
AfricaUganda
89%
OceaniaAustralia
88.9%
North AmericaJamaica
88.8%
AsiaYemen
88.2%
AsiaOman
86.6%
EuropeEstonia
86.4%
EuropeHungary
84.1%
OceaniaFiji
83.8%
EuropeVatican City
83.4%
North AmericaMexico
83.4%
Continent Country % Correct
AfricaKenya
82.8%
South AmericaGuyana
82%
North AmericaPanama
81.7%
South AmericaSuriname
81.6%
North AmericaUnited States
81%
AsiaVietnam
80.4%
North AmericaNicaragua
79.6%
EuropeKosovo
77.7%
EuropeTurkey
77.1%
OceaniaVanuatu
76.8%
North AmericaTrinidad and Tobago
72.9%
North AmericaEl Salvador
70.9%
OceaniaKiribati
69.7%
AsiaGeorgia
69.5%
North AmericaAntigua and Barbuda
68.8%
AsiaRussia
66.3%

You're not logged in!

Compare scores with friends on all Sporcle quizzes.
OR
Log In

From the Vault

Sporcle On TV

by manonthemoon

If they made a sitcom about Sporcle, who would be the star?
Remove Ads.
Support Sporcle.
Get the best of Sporcle when you Go Orange. This ad-free experience offers more features, more stats, and more fun while also helping to support Sporcle. Thank you for becoming a member.

Show Comments

Extras

Top Quizzes Today


Score Distribution

Your Account Isn't Verified!

In order to create a playlist on Sporcle, you need to verify the email address you used during registration. Go to your Sporcle Settings to finish the process.

Report this User

Report this user for behavior that violates our Community Guidelines.

Details: